| 000 | 004630000a22001810004500 | ||
|---|---|---|---|
| 003 | MACL | ||
| 005 | 20151219153704.0 | ||
| 008 | 151219b xxu||||| |||| 00| 0 eng d | ||
| 040 |
_aMACL _cMACL |
||
| 041 | _aEnglish | ||
| 082 | _a649.4/LIN | ||
| 100 |
_aLingam, Dr S _921474 |
||
| 245 | _aThe Complete Book of Child Health | ||
| 260 |
_bMarshall Cavendish Corporation _c1995 |
||
| 350 | _a525 | ||
| 650 |
_aHome Economics _921475 |
||
| 942 |
_cBK _k649.4/LIN _2ddc |
||
| 999 |
_c40297 _d40297 |
||